000 00566nam a2200217 a 4500
005 20230331103300.0
008 040429s2003 mx r 000 0 spa d
020 _a8474329523
035 _aUPN01000133206
040 _aUPN
_bspa
_cUPN
049 _aCG
050 4 _aB804
_bB8.2
100 1 _aBunge, Mario,
_d1919-2020
_930285
245 1 0 _aCápsulas /
_cMario Bunge.
260 _aBarcelona, Esp. :
_bGedisa,
_c2003.
300 _a255 p.
440 0 _aLibertad y cambio
650 4 _aFILOSOFIA MODERNA -
_ySIGLO XXI
905 _aLibro
942 _2lcc
_cLIBRO
999 _c105358
_d105358